| 000 | 00824nam a22002057a 4500 | ||
|---|---|---|---|
| 999 |
_c8597 _d8597 |
||
| 003 | AR-CdUCM | ||
| 008 | 190325b ||||| |||| 00| 0 spa d | ||
| 040 |
_aMUNICIPALIDAD PROVINCIAL DEL CUSCO _cBIBLIOTECA MUNICIPAL DEL CUSCO |
||
| 082 |
_a513 / _bR25 |
||
| 100 |
_aRapkin, Minnie K. _924060 |
||
| 245 | _aEnseñanza de la aritmética elemental / | ||
| 260 |
_aMéxico : _bHispano americano, _c1968. |
||
| 300 |
_a113 páginas ; _c18 cm. |
||
| 440 |
_a Manuales uteha _n391 _924061 |
||
| 505 | _aContenido : La primera semana en la escuela -- Enseñanza de la dirección: Derecha - izquierda, adelante - atrás -- Enseñanza de la forma -- Enseñana de los números ordinales hasta el seis: Lección y practica ... | ||
| 650 |
_aAritmética _919777 |
||
| 650 |
_aEjercicios _919599 |
||
| 942 |
_2ddc _cLIBROS |
||
| 945 | _arah | ||